00384nam a2200109 4500008004100000082001600041110008300057245005100140260005000191300001000241650002300251240118b |||||||| |||| 00| 0 eng d a305.23bSRI aSri Lanka, Ministry of Planning & Implementation, National planning department aA plan of action for the children of Sri Lanka aColombo:bNational planning department,c1991 a35 p. aCHILDREN-Sri Lanka